Science and human values

Guardat en:
Dades bibliogràfiques
Autor principal: Bronowski, J.
Format: Llibre
Idioma:Undetermined
Publicat: New York Harper and Row 1956
Matèries:
Etiquetes: Afegir etiqueta
Sense etiquetes, Sigues el primer a etiquetar aquest registre!
Thư viện lưu trữ: Trung tâm Học liệu Trường Đại học Cần Thơ
LEADER 00453nam a2200181Ia 4500
001 CTU_78988
008 210402s9999 xx 000 0 und d
082 |a 509 
082 |b B689 
100 |a Bronowski, J. 
245 0 |a Science and human values 
245 0 |c J. Bronowski 
260 |a New York 
260 |b Harper and Row 
260 |c 1956 
650 |a Science 
650 |x Philosophy 
980 |a Trung tâm Học liệu Trường Đại học Cần Thơ